[Event "Olympiad-42"]
[Site "Baku"]
[Date "2016.09.10"]
[Round "8.2"]
[White "Iotov, Valentin Dimitrov"]
[Black "Leitao, Rafael Duailibe"]
[Result "1/2-1/2"]
[WhiteElo "2518"]
[BlackElo "2616"]
[Annotator "Iotov,V"]
[PlyCount "89"]
[EventDate "2016.09.02"]
[EventType "team-swiss"]
[EventRounds "11"]
[EventCountry "AZE"]
[SourceTitle "CBM 175"]
[Source "ChessBase"]
[SourceDate "2016.11.10"]
[SourceVersion "1"]
[SourceVersionDate "2016.11.10"]
[SourceQuality "1"]
[WhiteTeam "Bulgaria"]
[BlackTeam "Brazil"]
[WhiteTeamCountry "BUL"]
[BlackTeamCountry "BRA"]

1. c4 Nf6 2. Nc3 e6 3. e4 d5 4. e5 d4 5. exf6 dxc3 6. bxc3 Qxf6 7. Nf3 b6 $5 {
Solid, yet a slightly passive option. Then again, the variation as a whole
doesn't promise anything spectacular for Black.} (7... Nc6 $5) 8. d4 Bb7 9. Bd3
(9. Be2 Bd6 10. O-O O-O 11. a4 Nd7 12. a5 e5 $11) 9... h6 (9... Bxf3 $6 10.
gxf3 Nd7 11. h4 h6 12. Be3 Bd6 13. Ke2 $14 {White has a ruined pawn structure
and a king in the centre, but his bisop pair and a strong centre make up for
it with ease. In fact, it is Black who has to decide where the king is more
secure, as both flanks are compromised.}) 10. O-O (10. Qe2 {[%cal Gd3e4]} Nd7 (
10... Bxf3 $5 11. gxf3 Nd7 12. Qe4 Rd8 $132) 11. Be4 Bxe4 12. Qxe4 Rb8 (12...
Rd8 $5) 13. a4 Bd6 14. a5 O-O 15. O-O Qd8 16. Rd1 Nf6 17. Qe2 Qe7 $6 (17... Nd7
$1 $132) 18. Ne5 $16 {0-1 Ivanchuk,V (2710)-Wang Yue (2718)/Huai'an CHN 2016})
10... Bd6 (10... Bxf3 11. Qxf3 Qxf3 12. gxf3 Nc6 (12... Nd7 13. Be4 Rb8 14. a4
a5 15. Bc6 Bd6 16. Be3 Ke7 17. Rab1 g5 18. Rb5 Rbd8 19. Rfb1 Nb8 20. Bb7 Nd7
21. Bc6 Nb8 22. Bb7 Nd7 23. c5 Bf4 24. cxb6 cxb6 25. c4 $14 {1/2-1/2
Grandelius,N (2649)-Oparin,G (2575)/Gjakova KOS 2016}) 13. Be4 (13. c5 $6 Ne7
$1 $11) 13... Kd7 14. Rd1 Rd8 15. c5 g6 (15... bxc5 $2 16. dxc5+ Kc8 17. Be3
$16 {1-0 Goganov,A (2591)-Shevchenko,K (2373)/Moscow RUS 2016}) (15... g5 16.
Rb1 Bg7 17. f4 $14) 16. Rb1 Bg7 17. d5 Kc8 18. d6 Na5 19. Bd3 $1 $14) 11. Nd2
Qh4 $6 (11... Nd7 12. Re1 Qh4 13. h3 $5 {Not what I planned during the game,
but the logic is impeccable - keep the h1-a8 diagonal secure and with that
deny any possible counterplay related to it.} (13. g3 Qd8 (13... Qe7 14. Rb1 (
14. Ne4 O-O 15. a4 Nf6 16. a5 Bxe4 17. Bxe4 Nxe4 18. Rxe4 c5 $11) 14... c5 15.
Ne4 O-O 16. Nxd6 Qxd6 17. Bf4 Qc6 18. Be4 Qc8 19. d5 $14) 14. Ne4 O-O 15. Bc2
Re8 16. Rb1 (16. Qd3 $6 f5 $1 $15) 16... Bf8 $11) 13... O-O (13... Qe7 14. Ne4
O-O 15. a4 Nf6 16. Nxd6 Qxd6 17. a5 $16) 14. Ne4 $14) 12. g3 $1 {The idea -
future exchange of the light-squared bishops and the limitation of Black's
remaining bishop.} Qe7 $2 (12... Qh3 13. Ne4 $1 {[%cal Gf1e1,Gd3f1,Gf1g2]} O-O
14. Re1 Nd7 15. a4 Rab8 16. a5 Be7 17. Qf3 f5 18. Bf1 $1 Qg4 19. Qxg4 fxg4 20.
Bg2 $16) (12... Qd8 13. Ne4 Be7 14. Re1 Nd7 15. Qh5 $14) 13. a4 $5 {Still, not
a bad move - activating the rook from a1 while creating possible a6 threats.} (
13. c5 $1 {A typical idea in these positions. I considered it, but I thought I
wasn't developed enough to go for it. As it turns out, I was wrong as my
opponent is even less developed than I am.} bxc5 14. Rb1 Bc6 15. Nb3 Qf6 16.
Na5 {[%csl Rc6]} Bf3 17. Qa4+ Nd7 18. dxc5 Bxc5 19. Bb5 $16) 13... Nd7 (13...
O-O 14. a5 c5 15. Ne4 Bc7 16. Qf3 Nd7 17. a6 Bc6 18. Nf6+ Nxf6 19. Qxc6 $14)
14. a5 Rb8 $6 (14... O-O 15. a6 Bc6 16. Re1 Rad8 17. Bc2 (17. d5 $6 {Which is
what I considered during the game...} Ne5 $1 $17) 17... Nf6 18. Qe2 Ba8 19. f3
$14) 15. Ne4 O-O 16. axb6 $6 {There's really no point in opening the a-file if
I am to not even attempt to use it to my advantage.} (16. Bc2 $1 $16 {[%cal
Gd1d3] White's control over the position is undeniable.}) 16... axb6 17. Re1 (
17. Ra7 Nf6 18. Qf3 Bxe4 19. Bxe4 Nxe4 20. Qxe4 f5 21. Qf3 f4 $132) 17... Nf6 (
17... Ra8 $5 {Exactly the reason why the premature 16.axb6?! was a mistake. It
may not be the best move, but still an additional option that wouldn't have
been possible otherwise.} 18. Nxd6 cxd6 (18... Qxd6 $6 19. Bf4 Qe7 20. Qe2 e5
$1 21. Bxe5 (21. dxe5 $2 Rxa1 22. Rxa1 Qe6 $44 {[%csl Rg2][%cal Ge6c6,Gc6g2]})
21... Nxe5 22. dxe5 Rfe8 23. Rxa8 Rxa8 24. Bf5 $14) 19. Rb1 Ra2 20. Bf4 Rfa8
$132) 18. Qf3 $6 (18. Nxd6 Qxd6 19. Bf4 Qc6 20. f3 $14) 18... Nxe4 19. Bxe4 c5
$11 {It appears that Black has solved all his problems.} 20. Rb1 (20. Bxb7 Qxb7
21. Qg4 Kh8 22. Rb1 Qc6 23. Be3 f5 24. Qh3 Rf6 $32) 20... Bxe4 21. Qxe4 cxd4
22. cxd4 Qc7 23. Be3 $6 {A move born of a bad evaluation of the position at a
time of time disadvantage. My thoughts were that either I would have enough
initiative to win the pawn back and be in a fairly active position, or I would
simply have enough compensation to easily save the game if need be. As it
turns out, I overestimated my chances...} (23. d5 exd5 (23... e5 $5 {Which is
what I considered during the game. I did not like the fact that my opponent
could take the centre with f5 and potentially use it in a combo wth ...Bc5 to
attack my king. It is now obvious to me that, in time trouble, I had most
definitely overestimated my opponent's chances.} 24. Bd2 $1 (24. Be3 f5 25. Qc2
f4 26. gxf4 exf4 27. Bd4 Bc5 $13) 24... f5 25. Qd3 e4 26. Qb3 $14 {[%csl Rb6]})
24. Qxd5 Rbd8 25. Qb5 Bc5 26. Be3 $11) 23... Qxc4 24. Rec1 Qa6 25. Rc6 (25. d5
Qa8 26. Bxh6 $5 exd5 (26... Qxd5 27. Qxd5 exd5 28. Be3 b5 29. Rd1 b4 30. Rxd5
Be7 31. Bc5 Bxc5 32. Rxc5 Rb7 33. Rb3 $11) (26... gxh6 27. Rc6 Be7 28. Qg4+ Kh7
29. Qe4+ Kh8 30. Qd4+ $11) 27. Qg4 Be5 28. Be3 b5 $15) 25... Rfd8 26. Qg4 $6 (
26. d5 $1 exd5 27. Qg4 Be5 28. Rxh6 Qc4 29. Qxc4 dxc4 30. Rhxb6 Rbc8 $15) 26...
Bf8 (26... Qa4 27. Rcxb6 Rxb6 28. Rxb6 Bc5 29. Rb7 Bxd4 30. Qf3 Bf6 31. Kg2 (
31. Bxh6 $4 gxh6 32. Qxf6 Rd1+ 33. Kg2 Qc6+ 34. Qf3 Rg1+ $19) 31... Qd1 $17) (
26... Qd3 $5 27. Rd1 (27. Rcxb6 $4 Rxb6 28. Rxb6 Ra8 $19 {[%csl Rg1]}) 27...
Qf5 28. Qxf5 exf5 29. Rb1 b5 30. d5 Bf8 31. Rd1 b4 $17) 27. Rc7 {Still seeking
to create some practical problems while in time trouble.} (27. Bxh6 Qa4 28. Rc7
Rxd4 29. Qf3 Rd7 30. Rxd7 Qxd7 31. Bf4 Rb7 $17) 27... Rb7 (27... Qd3 $142 28.
Ra1 Ra8 29. Rd1 Qb5 30. Bxh6 Qd5 31. h4 Rdc8 32. Rxc8 Rxc8 $17 {[%csl Gc8,Rd4,
Gd5,Gg8][%cal Gb6b1] I fear that such a position would have been beyond saving
as White has run out of possible targets to attack.}) 28. Rbc1 (28. Rc6 $5)
28... Rxc7 29. Rxc7 Qa1+ $6 (29... Rc8 $142 $19 {Simple and efficient!}) 30.
Kg2 Qa8+ 31. Kg1 (31. Qf3 Qxf3+ 32. Kxf3 b5 33. Rb7 Rd5 $17) 31... Rc8 32. Rxc8
Qxc8 33. d5 b5 34. Bxh6 (34. dxe6 Qxe6 35. Qxe6 fxe6 $19) 34... f5 $2 {An
undeniable blunder in such a practical position! All that move does is to
create weaknesses around the black king. If I wasn't sure that the outcome
would be a draw before this move, I was definitely sure after it!} (34... Qc4
$1 35. Qxc4 bxc4 36. Be3 exd5 $19) 35. Qg6 exd5 36. Be3 b4 37. Bd4 Qd7 $6 (
37... b3 38. h4 Qc2 39. Qb6 Bc5 $1 $19) 38. h4 Qf7 39. Qc6 (39. Qg5 $5 {
[%csl Yf4][%cal Gf5f4,Gg5f4]}) 39... Kh7 $6 (39... f4 $1 40. g4 f3 41. Be5 Kh7
$17 {Granted, at this point of the game it can be very difficult to win this
position given the recent history of moves - even though the chances are much
better for Black.}) 40. Kg2 (40. Be3 $1 $132 {[%csl Yf4][%cal Gf5f4,Ge3f4]})
40... g6 $2 {[%csl Rh7] A crucial 40th move blunder that only causes
additional weaknesses around the black king!} (40... f4 $1 $17 {[%csl Rg2]})
41. f3 $11 Bg7 42. Bxg7 Kxg7 43. Qb6 Qe7 44. Qd4+ Kh7 45. Qxd5 {A terribly
played game on my side.} 1/2-1/2

[Event "Munich SKA"]
[Site "Munich"]
[Date "1993.??.??"]
[Round "6"]
[White "Lautier, Joel"]
[Black "Jussupow, Artur"]
[Result "1/2-1/2"]
[WhiteElo "2645"]
[BlackElo "2645"]
[Annotator "Jussupow,A"]
[PlyCount "99"]
[EventDate "1993.05.??"]
[EventType "tourn"]
[EventRounds "11"]
[EventCountry "GER"]
[EventCategory "16"]
[SourceTitle "CBM 036"]
[Source "ChessBase"]
[SourceDate "1993.10.01"]
[SourceVersion "1"]
[SourceVersionDate "1993.10.01"]
[SourceQuality "1"]

1. c4 Nf6 2. Nc3 e6 3. e4 d5 4. e5 d4 5. exf6 dxc3 6. bxc3 Qxf6 7. d4 e5 8. Nf3
exd4 9. Bg5 Qe6+ 10. Be2 f6 $5 11. Nxd4 Qf7 (11... Qe4 $2 12. Nb5 Na6 13. O-O
fxg5 14. Bh5+ g6 15. Re1 $18 {Ribli}) 12. Bf4 Bc5 (12... Na6 $6 13. O-O Bc5 14.
Bh5 g6 15. Re1+ Be7 16. Bf3 $40 {Petit-Marciano/France tt/1992}) (12... c6 $6
13. Bg4 $1 (13. O-O Be7 14. Re1 (14. Bh5 g6 15. Bg4 O-O 16. Re1 $14 {Ribli})
14... O-O 15. Bd3 $5 (15. Qc2 Na6 16. Rad1 Nc5 $13 {Mateu-Rivas/Spain/1981}) (
15. Bg4 $5 $14 {Ribli}) 15... Na6 16. Qe2 $16 {><e7}) 13... Na6 14. O-O Be7 15.
Bxc8 Rxc8 16. Nf5 O-O 17. Nxe7+ Qxe7 18. Bd6 $18 {Renet-Van Gisbergen/
Groningen/1992}) 13. O-O O-O 14. Qc2 (14. Qb3 Na6 15. Bf3 c6 16. Rfe1 Nc7 $13 {
Steiner-Stilling/Dr.R.Blass memorial/1990} (16... Rd8 $5 {/\Bf8,Nc5} 17. Rad1
$140 Bf8 18. Nxc6 Rxd1 19. Rxd1 bxc6 20. Bxc6 Nc5 $1)) (14. Nb3 Na6 15. Nxc5
Nxc5 {Labok-Galliamova/Podolsk tt/1990} 16. Be3 $5 {Stohl}) 14... Na6 15. Rab1
$6 (15. Bd3 g6 {/\16...Bd4 17.cd Nb4} 16. Rab1 Rd8 $10) (15. Nb5 $5) (15. Rad1
Rd8 16. Rfe1 c6 17. h4 Bf8 18. Be3 Re8 19. Nf5 Be6 $13 {Grigorian-Timoschenko/
Erevan/1983}) 15... Rd8 16. Rfd1 c6 17. Rd3 (17. Nxc6 $4 Rxd1+ 18. Rxd1 bxc6
19. Rd8+ Bf8 20. Bd6 Bf5 $19 (20... Bb7 $19)) 17... Bf8 $10 18. Rg3 $6 (18.
Nxc6 $4 Rxd3 19. Bxd3 bxc6 20. Bxh7+ Kh8 21. Bg6 Qxc4 $19) (18. Re3 $142 $10)
18... Nc5 19. Rd1 Re8 (19... Be6 $5 {Lautier}) 20. Nb3 Be6 21. Rd4 $2 (21. Be3
$1 Bxc4 (21... Nd7 $13) 22. Bxc4 Qxc4 23. Nxc5 Bxc5 24. Bxc5 Qxc5 25. Qb3+ Kf8
26. Qxb7 Qe7 $10) 21... Bf5 $1 $15 22. Qxf5 Rxe2 23. Bd2 $1 (23. Re3 $2 Rxa2)
23... Rae8 24. Re3 Re5 (24... Qg6 25. Qxg6 hxg6 26. Kf1 R2xe3 27. Bxe3 b6 28.
Rd1 $10) 25. Qg4 (25. Qf3 R2xe3 26. Bxe3 Qg6 $36) 25... R2xe3 26. Bxe3 Ne6 27.
Rd3 f5 (27... b6 $15) 28. Qd1 f4 (28... b6 $5 29. f4 $140 $2 Re4 30. Nd2 Rxe3
31. Rxe3 Bc5) 29. Bxa7 Ng5 (29... Qe8 30. Kf1 $13) (29... b5 30. Bb8 $1) 30.
Bb8 $6 (30. Bd4 $44) 30... Re8 $2 (30... Re6 $1 {/\Qe8} 31. Rd8 Qe7 32. Kf1 f3
$40 {/\33...Re1! 34.Qe1 fg-+}) 31. Rd8 $1 f3 32. Rxe8 Qxe8 33. Bf4 Ne6 (33...
Qe2 $2 34. Qxe2 fxe2 35. Bd2 Ne4 36. Be1 Bc5 37. g4 $1 $16 {/\Kg2-f3 ><e2} (37.
Nd4 $2 Nxc3 $1 38. Bxc3 Bxd4) (37. Nc1 $2 Nxf2 $1 38. Nxe2 Ng4+ 39. Kh1 Ne5 $17
)) 34. Be3 (34. Qxf3 $4 Nxf4 $19) 34... fxg2 35. Qg4 $1 $14 Qf7 36. Kxg2 h5 37.
Qe4 Bd6 38. h3 g6 39. Qf3 (39. Na5 $5) 39... Bc7 40. Nd2 Ng7 (40... Qxf3+ $14)
41. Qe4 $1 Qe6 42. Qxe6+ (42. Qb1 $5 Nf5 43. Qxb7 Nh4+ $132) 42... Nxe6 43. Kf3
Be5 $5 44. Ne4 Kf7 45. Ke2 Ke7 46. Kd3 Bc7 47. Nd2 (47. a4 $5) 47... Kf6 48.
Nf3 Be5 (48... Kf5 49. Nh4+ Kf6 50. Ke4 Ng5+ 51. Bxg5+ Kxg5 52. Nf3+ $14) 49.
a4 g5 (49... Kf5 50. Nd4+ Kf6 51. Nb3 $16) 50. Bd4 $22 $16 (50. Bd4 Bxd4 51.
cxd4 Nf4+ 52. Ke3 Nxh3 53. Nd2 $1 Nf4 54. Ne4+ Kf5 (54... Kg6 55. Nd6 h4 (55...
b6 56. c5 $16) 56. Kf3 $16) 55. Nd6+ Kg4 56. f3+ $1 $16 {Yusupov} (56. Nxb7 h4
57. Nd6 h3 58. Ne4 h2 59. Ng3 Nh5 60. Nh1 Kh3 61. a5 Kg2 62. a6 Kxh1 63. a7 Kg1
64. a8=Q h1=Q 65. Qa1+ Kh2 66. Qxh1+ Kxh1 67. Ke4 $10)) 1/2-1/2

[Event "WchT 4th"]
[Site "Luzern"]
[Date "1997.10.28"]
[Round "4.1"]
[White "Gulko, Boris F"]
[Black "Chiburdanidze, Maia"]
[Result "1/2-1/2"]
[WhiteElo "2580"]
[BlackElo "2525"]
[Annotator "Konikowski,J"]
[PlyCount "69"]
[EventDate "1997.10.25"]
[EventType "team-tourn"]
[EventRounds "9"]
[EventCountry "SUI"]
[SourceTitle "CBM 062"]
[Source "ChessBase"]
[SourceDate "1998.01.31"]
[SourceVersion "1"]
[SourceVersionDate "1998.01.31"]
[SourceQuality "1"]
[WhiteTeam "US of America"]
[BlackTeam "Georgia (w)"]
[WhiteTeamCountry "USA"]
[BlackTeamCountry "GEO"]

1. c4 Nf6 2. Nc3 e6 3. e4 d5 4. e5 d4 5. exf6 dxc3 6. bxc3 Qxf6 7. Nf3 e5 8.
Bd3 (8. d4 exd4 9. cxd4 Bb4+ 10. Bd2 Bxd2+ 11. Qxd2 O-O $11) 8... Bd6 9. O-O (
9. Be4 O-O $11) 9... c6 (9... Nc6 10. Re1 O-O 11. Qc2 h6 12. Be4 Bd7 13. Bb2
Na5 (13... Rae8 14. d4 b6 (14... exd4 15. cxd4 Nb4 16. Qb1 Bg4 17. d5 Qd8 18.
Ne5 $16) 15. Re3 Na5 16. c5 bxc5 17. dxe5 Rxe5 18. c4 Rfe8 19. Nxe5 Bxe5 20.
Bxe5 Rxe5 21. Rae1 Re6 22. Qd2 {1-0 Sunye Neto,J-Ashley,M/New York CITS 1996/})
14. c5 Bxc5 15. d4 exd4 16. cxd4 Bb6 17. d5 Qf4 18. Be5 Qg4 19. Bh7+ Kh8 20.
Re4 $18 {Kortschnoj,V-Lepelletier,B/Cannes mT 1996/}) (9... O-O 10. Be4 Nc6 11.
Rb1 Bf5 12. Qc2 Bxe4 13. Qxe4 Rab8 14. Re1 Qg6 15. Qxg6 hxg6 16. d4 exd4 17.
cxd4 b6 18. Be3 Rfd8 19. Kf1 $14 {Alburt,L-Mednis,E/New York Inv 1980/}) 10.
Rb1 Na6 11. Re1 O-O 12. Nxe5 (12. Bc2 $5) 12... Bxe5 13. Qh5 Bxh2+ 14. Qxh2 Bf5
15. Bxf5 Qxf5 16. Ba3 Rfe8 17. Qh3 Qxh3 18. gxh3 b6 19. d4 c5 20. Rxe8+ (20.
Kg2 Rad8 $11) 20... Rxe8 21. dxc5 Nxc5 (21... bxc5 $143 22. Rb7 $16) 22. Bxc5
bxc5 23. Rb5 g6 24. Rxc5 Re1+ 25. Kg2 Rc1 26. Ra5 Rxc3 27. c5 Kg7 28. h4 h5 29.
f3 Rc4 30. Kg3 Kf8 31. a3 a6 32. a4 Ke7 33. Rxa6 Rxc5 34. Rb6 f6 35. Ra6
1/2-1/2

[Event "Biel SKA"]
[Site "Biel"]
[Date "1991.??.??"]
[Round "7"]
[White "Lautier, Joel"]
[Black "Christiansen, Larry Mark"]
[Result "1-0"]
[WhiteElo "2560"]
[BlackElo "2600"]
[Annotator "Lautier,J"]
[PlyCount "93"]
[EventDate "1991.07.??"]
[EventType "tourn"]
[EventRounds "14"]
[EventCountry "SUI"]
[EventCategory "15"]
[SourceTitle "CBM 025"]
[Source "ChessBase"]
[SourceDate "1991.12.01"]
[SourceVersion "1"]
[SourceVersionDate "1991.12.01"]
[SourceQuality "1"]

1. c4 {Ribli Ftacnik} Nf6 2. Nc3 e6 3. e4 d5 4. e5 Ne4 (4... d4 $5 {Ribli} 5.
exf6 dxc3 6. bxc3 Qxf6 7. Nf3 e5 8. Bd3 Na6 $1 9. O-O Bd6 10. Ba3 Bg4 11. Bxd6
Qxd6 12. Qa4+ Kf8 13. Be4 Nc5 $10 {Milos,G-Tal,M Buenos Aires Najdorf 1991 CBM/
24}) 5. Nf3 (5. Nxe4 $5 {Ribli} dxe4 6. Qg4 Nc6 7. Qxe4 Qd4 8. Qxd4 Nxd4 9. Kd1
Bd7 10. d3 Bc6 11. Ne2 Bc5 12. Be3 O-O-O 13. Nxd4 Bxd4 14. Bxd4 Rxd4 15. Kc2
Rhd8 16. Re1 $14 {Cifuentes-Inkiov Novi Sad ol 1990 50/13}) 5... Be7 (5... Nxc3
{Ftacnik} 6. bxc3 c5 7. cxd5 exd5 8. d4 Nc6 9. Bd3 cxd4 10. cxd4 Bb4+ 11. Bd2
Qa5 $10) 6. d4 O-O (6... c5 {Ribli} 7. cxd5 (7. Bd3 $5 Nxc3 8. bxc3 Nc6 9. cxd5
Qxd5 10. O-O cxd4 11. cxd4 b6 12. Re1 Bb7 13. Be4 Qd7 14. Bg5 $14 {
Murshed-Inkiov Calcutta 1986}) 7... exd5 8. Bd3 Bf5 $6 (8... Nxc3 9. bxc3 Bg4
10. O-O Nc6 11. h3 Bh5 12. Rb1 Qd7 13. Re1 cxd4 14. cxd4 O-O 15. g4 Bg6 16. Bf4
Rac8 $10 {Salow-Sokolow Groningen 1982}) 9. Qb3 $1 Nc6 10. Qxd5 Qa5 11. Bxe4
Rd8 12. Qc4 Bxe4 13. b4 Nxb4 14. Nxe4 Nc2+ 15. Ke2 Nxd4+ 16. Kf1 b5 17. Qd3 c4
18. Qb1 $16 {Oll-Bondza Helsinki 1990 50/(13)}) 7. Bd3 Nxc3 8. bxc3 dxc4 9.
Bxc4 c5 10. O-O cxd4 11. cxd4 Nc6 12. Be3 (12. Bd3 $1 b6 (12... Nb4 13. Be4 $14
) 13. Bxh7+ Kxh7 14. Qc2+ Kg8 15. Qxc6 Ba6 16. Re1 Rc8 (16... Bb4 17. Re3 $14)
17. Qe4 $14) 12... b6 13. Rc1 Na5 $2 (13... Nb4 $1 $10) (13... Bb7 $2 14. d5
exd5 (14... Na5 $2 15. d6 $18) 15. Bxd5 Na5 (15... Rc8 16. e6 $16) 16. Bxb7
Nxb7 17. Qxd8 Bxd8 (17... Rfxd8 $4 18. Rc7 $18) 18. Rfd1 $16) (13... Nb4 {
Ftacnik} 14. Qe2 Bb7 $13) (13... Nb4 $1 {Ribli}) 14. Bd3 Bb7 15. Nd2 $1 {
/\ Qg4 with a strong attack} Qd7 (15... Qd5 16. Qg4 Rfc8 17. Qh3 $1 h6 (17...
g6 18. Ne4 $16) 18. Ne4 Rxc1 19. Rxc1 Rc8 20. Rxc8+ Bxc8 21. Nf6+ $1 Bxf6 (
21... gxf6 $2 22. Bxh6 $18) 22. exf6 Qxa2 23. Qg3 Qa1+ 24. Bf1 g6 25. Qb8 Qc3
26. Qxa7 $16) 16. Qg4 f5 (16... Rfc8 17. Ne4 Bxe4 18. Qxe4 g6 19. Ba6 $16) (
16... Kh8 {Ftacnik} 17. Qh3 g6 $14) 17. exf6 Bxf6 18. Ne4 Bxe4 (18... Bxd4 $2
19. Ng5 Bxe3 20. Bxh7+ Kh8 21. fxe3 $18) 19. Bxe4 Rad8 20. Rfd1 $16 {>< Na5}
Qf7 21. Qf3 (21. Qh3 $1 g6 22. Qg4 Rd7 23. h4 Kh8 (23... Rfd8 24. h5 Kg7 25.
hxg6 hxg6 26. Qf4 $16) 24. g3 Rfd8 25. Bg2 $16) 21... Kh8 (21... e5 $2 {Ftacnik
} 22. dxe5 Bxe5 23. Bd5 $18) 22. d5 $6 exd5 23. Rxd5 Rxd5 24. Bxd5 Qd7 25. Be4
{threatening Qh5} Qe7 $6 (25... Qf7 $1 26. Rc2 Rd8 $14 {with the idea Nc4} (
26... Nc4 $4 27. Bd5 Ne5 28. Bxf7 Nxf3+ 29. gxf3 Rxf7 30. Rc8+ $18)) (25... Qf7
$5 $14 {Ftacnik}) 26. Bd3 (26. Bb1 $1 {Ribli}) 26... Rd8 (26... Nb7 $2 27. Qh5
$18) 27. Bb1 g6 28. g3 $1 {/\ h4-h5} Nb7 29. h4 Nc5 30. h5 $16 gxh5 (30... g5
31. h6 $16) 31. Qxh5 Rg8 {/\ Rg3} 32. Rd1 (32. Bxc5 {Ftacnik} bxc5 33. Qxc5
Qxc5 34. Rxc5 Rxg3+ 35. fxg3 Bd4+ $10) (32. Qd5 {Ftacnik} Rxg3+ $1) 32... Ne4
$8 (32... Ne6 {Ftacnik} 33. Rd6 Nf8 34. Qd5 Ng6 35. Rxf6 Qxf6 36. Bd4 $18) 33.
Bxe4 $8 Qxe4 34. Rd6 $6 (34. Rd7 Rg7 35. Rd6 $1 Qe7 36. Qd5 $16) 34... Bg7 $2 (
34... Qe7 $1 35. Qd5 (35. Bf4 $6 Bg5 $1 (35... Rd8 $4 36. Rxf6 $18) 36. Rd7
Qe1+ 37. Kg2 Qe4+ 38. Kh2 Bxf4) (35. Rc6 Be5 $1 {with counterplay}) 35... Rd8
$14) (34... Rxg3+ {Ftacnik} 35. fxg3 Qxe3+ 36. Kg2 Qe4+ 37. Kh2 Qc2+ 38. Kh3 $1
$16) (34... Be5 $1 {Ribli} 35. Qxe5+ Qxe5 36. Bd4 $10) 35. Rd7 a5 36. Kh2 (36.
Bxb6 $2 {Ftacnik} Qb1+) 36... Qc6 37. Qf7 Qe4 {Zeitnot} 38. Rb7 (38. Bd4 {
Ftacnik} Qxd4 39. Rxd4 Bxd4 $14) 38... Be5 39. Re7 $1 $18 Qh4+ 40. Kg2 Bxg3 (
40... Bf6 41. Re8 $18) 41. Re8 (41. Bg5 $1 Qh2+ (41... Rxg5 42. Qf6+ $18) (
41... Be5 42. Qxg8+ $18) 42. Kf1 Qh3+ 43. Ke2 Qg4+ 44. f3 $18) (41. fxg3 {
Ftacnik} Rxg3+ 42. Kf1 Qh1+ 43. Ke2 Rxe3+ 44. Kxe3 Qe1+ 45. Kd4 Qd2+ 46. Ke5
$13) 41... Qh2+ 42. Kf3 Qh1+ 43. Ke2 Rxe8 44. Qxe8+ Kg7 45. Bd4+ Kh6 46. Qe6+
Kg5 (46... Kh5 {Ftacnik} 47. Qf5+ Kh6 48. Be3+ Kg7 49. Qg5+ Kf7 50. Qxg3 $18)
47. Bf6+ $1 (47. Bf6+ $1 Kg6 (47... Kf4 {Ftacnik} 48. Qe5+ Kg4 49. Qg5+ Kh3 50.
Qxg3#) 48. Be7+) 1-0

[Event "Capablanca Memorial Elite 47th"]
[Site "Havana"]
[Date "2012.05.10"]
[Round "6"]
[White "Nepomniachtchi, Ian"]
[Black "Quesada Perez, Yuniesky"]
[Result "1-0"]
[WhiteElo "2716"]
[BlackElo "2625"]
[Annotator "Let's Check Training"]
[PlyCount "69"]
[EventDate "2012.05.03"]
[EventType "tourn"]
[EventRounds "10"]
[EventCountry "CUB"]
[EventCategory "18"]
[SourceTitle "CBM 149"]
[Source "ChessBase"]
[SourceDate "2012.07.17"]
[SourceVersion "1"]
[SourceVersionDate "2012.07.17"]
[SourceQuality "1"]

1. c4 Nf6 2. Nc3 e6 3. e4 d5 4. e5 d4 5. exf6 dxc3 6. bxc3 Qxf6 7. d4 e5 8. Nf3
exd4 9. Bg5 Qe6+ 10. Be2 Be7 11. Bxe7 Qxe7 12. cxd4 O-O 13. O-O Bg4 14. h3 Bxf3
15. Bxf3 Nc6 16. Rb1 Rad8 17. Re1 Qf6 18. Rxb7 Rxd4 19. Qe2 Rd7 {[%tqu "En","",
"","","e2e8","",10]} 20. Qe8 $1 Re7 {[%tqu "En","","","","e1e7","",10]} 21.
Rxe7 $1 Nxe7 22. Qd7 Qa1+ 23. Kh2 Qe5+ 24. g3 Rc8 25. Rb3 Qd6 26. Rd3 Qxd7 27.
Rxd7 Kf8 28. Bb7 Rb8 29. Rxc7 Ke8 $6 (29... Rd8 30. Bg2 a5 $16) 30. Ba6 $18 Kd8
31. Rxa7 Rb2 $1 32. Bb5 Rxf2+ 33. Kg1 Re2 34. c5 Re5 35. a4 1-0